| 000 | 00667 a2200205 4500 | ||
|---|---|---|---|
| 999 |
_c7573 _d7573 |
||
| 020 | _a9780199985463 | ||
| 050 | 0 | 0 | _aHM 716 YUK 2013 |
| 100 |
_aYuki, Masaki _eauthor |
||
| 245 | 0 | 0 |
_aCulture and group processes / _cMasaki Yuki and Marilynn Brewer |
| 264 | 1 |
_aOxford : _bOxford University Press, _c2014 |
|
| 300 | _aviii, 273p. : | ||
| 500 | _aIncludes bibliographical references and index | ||
| 504 | _aIncludes bibliographical references and index | ||
| 650 | 0 | _aIntergroup relations. | |
| 650 | 0 | _aSocial groups. | |
| 650 | 0 | _aCulture. | |
| 650 | 0 |
_aCulture _xPsychological aspects. |
|
| 700 | 1 |
_aBrewer, Marilynn B., _eauthor |
|
| 942 |
_2lcc _cBK _h716 _iYUK _kHM |
||